Система идентификации эпилептоформной активности в период беременности и родов у женщин, страдающих эпилепсией; Современные техника и технологии; Т. 2

書目詳細資料
Parent link:Современные техника и технологии: сборник трудов XVI Международной научно-практической конференции студентов, аспирантов и молодых ученых, Томск, 12-16 апреля 2010 г/ Национальный исследовательский Томский политехнический университет (ТПУ).— , 2010
Т. 2.— 2010.— [С. 56-58]
主要作者: Маркелова Е. М.
其他作者: Бусыгина Т. В. (научный руководитель), Порунов А. А.
總結:Заглавие с титульного листа
Электронная версия печатной публикации
語言:俄语
出版: 2010
主題:
在線閱讀:http://www.lib.tpu.ru/fulltext/c/2010/C01/V2/023.pdf
格式: MixedMaterials 電子 Book Chapter
KOHA link:https://koha.lib.tpu.ru/cgi-bin/koha/opac-detail.pl?biblionumber=232551

MARC

LEADER 00000nla2a2200000 4500
001 232551
005 20231031203343.0
035 |a (RuTPU)RU\TPU\book\253604 
035 |a RU\TPU\book\253602 
090 |a 232551 
100 |a 20130214d2010 k y0rusy50 ca 
101 0 |a rus 
102 |a RU 
105 |a y z 101zy 
135 |a drnn ---uucaa 
181 0 |a i  
182 0 |a b 
200 1 |a Система идентификации эпилептоформной активности в период беременности и родов у женщин, страдающих эпилепсией  |b Электронный ресурс  |f Е. М. Маркелова, Т. В. Бусыгина  |g науч. рук. А. А. Порунов 
203 |a Текст  |c электронный 
215 |a 1 файл (184 Кб) 
230 |a Электронные текстовые данные (1 файл : 184 Кб) 
300 |a Заглавие с титульного листа 
300 |a Электронная версия печатной публикации 
337 |a Adobe Reader 
461 0 |0 (RuTPU)RU\TPU\book\245271  |t Современные техника и технологии  |o сборник трудов XVI Международной научно-практической конференции студентов, аспирантов и молодых ученых, Томск, 12-16 апреля 2010 г  |o в 3 т.  |f Национальный исследовательский Томский политехнический университет (ТПУ)  |d 2010 
463 0 |0 (RuTPU)RU\TPU\book\250479  |t Т. 2  |v [С. 56-58]  |d 2010  |p [426 с.] 
610 1 |a электронный ресурс 
610 1 |a заболевания 
610 1 |a эпилепсия 
610 1 |a идентификация 
610 1 |a диагностирование 
610 1 |a беременность 
610 1 |a биопотенциалы 
610 1 |a лечение 
610 1 |a биоэлектрическая активность 
610 1 |a системы 
610 1 |a структурно-функциональные схемы 
700 1 |a Маркелова  |b Е. М. 
701 1 |a Бусыгина  |b Т. В. 
702 1 |a Порунов  |b А. А.  |4 727 
801 1 |a RU  |b 63413507  |c 20130213 
801 2 |a RU  |b 63413507  |c 20130506  |g RCR 
856 4 |u http://www.lib.tpu.ru/fulltext/c/2010/C01/V2/023.pdf 
942 |c CF